000 00307nam a22001337a 4500
020 _a978-93-5103-238-9
082 _a001
_bBRO/W
100 _aBRPWN, LEAREN
245 _aWHERE IN THE WORLD
_bWORLD-FAMOUSE LANDMARK
260 _aNEW YORK
_bSCHOLASTIC
300 _a32
650 _aGK
_zNEW YORK
942 _cBK
999 _c6364
_d6364